[Event "Ceske Budejovice op"]
[Site "Ceske Budejovice"]
[Date "2021.07.07"]
[Round "7"]
[White "Cizek, Jan"]
[Black "Brom, Jiri"]
[Result "0-1"]
[WhiteElo "1715"]
[BlackElo "1998"]
[PlyCount "54"]
[EventDate "2021.07.01"]
[EventType "swiss"]
[EventRounds "9"]
[EventCountry "CZE"]
[SourceTitle "CBM 203 Extra"]
[Source "ChessBase"]
[SourceDate "2021.09.30"]
[SourceVersion "1"]
[SourceVersionDate "2021.09.30"]
[SourceQuality "1"]

1. e4 c5 2. Nf3 Nc6 3. d4 cxd4 4. Nxd4 e5 5. Nb5 d6 6. N1c3 a6 7. Na3 b5 8. Nd5 Nge7 9. c3 Nxd5 10. Qxd5 Bd7 11. Nc2 Be7 12. a4 bxa4 13. Bc4 0-0 14. 0-0 Qc7 15. Qd3 Na5 16. Bd5 Rab8 17. Nb4 Bb5 18. Nxa6 Qc8 19. c4 Bxa6 20. Rxa4 Nb3 21. Be3 Bb7 22. Ra7 Bxd5 23. Qxd5 Bf6 24. f4 Qe6 25. Qd3 exf4 26. Bxf4 Bd4+ 27. Kh1 Bxa7 0-1

[Event "Ceske Budejovice op"]
[Site "Ceske Budejovice"]
[Date "2019.07.06"]
[Round "8"]
[White "Schmid, Thomas2222"]
[Black "Brom, Jiri"]
[Result "1/2-1/2"]
[WhiteElo "2143"]
[BlackElo "2018"]
[PlyCount "38"]
[EventDate "2019.06.29"]
[EventType "swiss"]
[EventRounds "9"]
[EventCountry "CZE"]
[SourceTitle "CBM 191 Extra"]
[Source "ChessBase"]
[SourceDate "2019.09.30"]
[SourceVersion "1"]
[SourceVersionDate "2019.09.30"]
[SourceQuality "1"]

1. e4 c5 2. Nf3 Nc6 3. Bb5 g6 4. Bxc6 bxc6 5. 0-0 Bg7 6. Re1 Nf6 7. c3 0-0 8. d4 cxd4 9. cxd4 d6 10. Nc3 Rb8 11. Rb1 a5 12. Bg5 h6 13. Bf4 Nh5 14. Bd2 Nf6 15. h3 Nd7 16. Na4 Ba6 17. b3 Bb5 18. Nb2 c5 19. d5 Qc7 1/2-1/2

[Event "Ceske Budejovice op"]
[Site "Ceske Budejovice"]
[Date "2019.07.05"]
[Round "7"]
[White "Brom, Jiri"]
[Black "Zacek, Petr"]
[Result "1-0"]
[WhiteElo "2018"]
[BlackElo "1883"]
[PlyCount "81"]
[EventDate "2019.06.29"]
[EventType "swiss"]
[EventRounds "9"]
[EventCountry "CZE"]
[SourceTitle "CBM 191 Extra"]
[Source "ChessBase"]
[SourceDate "2019.09.30"]
[SourceVersion "1"]
[SourceVersionDate "2019.09.30"]
[SourceQuality "1"]

1. d4 d5 2. Nf3 Nf6 3. e3 Bf5 4. c4 e6 5. Qb3 b6 6. Nc3 h6 7. cxd5 exd5 8. Be2 Be7 9. 0-0 0-0 10. Bd2 c6 11. Rfc1 Bc8 12. h3 Bb7 13. a4 c5 14. dxc5 Bxc5 15. Nb5 Nc6 16. Bc3 Ne4 17. Rd1 Qe7 18. Be1 Rad8 19. Rac1 Kh8 20. Nbd4 Nxd4 21. Nxd4 f5 22. Bf1 f4 23. exf4 Rxf4 24. f3 Qf6 25. Rxc5 Nxc5 26. Qe3 Qf7 27. Bg3 Rf6 28. Re1 Ba6 29. Bxa6 Nxa6 30. Bh4 g5 31. Bg3 Kg8 32. h4 Rg6 33. h5 Rg7 34. Be5 Rh7 35. g4 Nc5 36. Nf5 Nd7 37. Nxh6+ Rxh6 38. Qxg5+ Kh7 39. Qxd8 Nxe5 40. Rxe5 Re6 41. Qxd5 1-0

[Event "Ceske Budejovice op"]
[Site "Ceske Budejovice"]
[Date "2019.07.01"]
[Round "3"]
[White "Chval, Zdenek1111"]
[Black "Brom, Jiri"]
[Result "0-1"]
[WhiteElo "1667"]
[BlackElo "2018"]
[PlyCount "58"]
[EventDate "2019.06.29"]
[EventType "swiss"]
[EventRounds "9"]
[EventCountry "CZE"]
[SourceTitle "CBM 191 Extra"]
[Source "ChessBase"]
[SourceDate "2019.09.30"]
[SourceVersion "1"]
[SourceVersionDate "2019.09.30"]
[SourceQuality "1"]

1. e4 c5 2. Nf3 Nc6 3. d4 cxd4 4. Nxd4 Nf6 5. Nc3 e5 6. Ndb5 d6 7. Bg5 a6 8. Na3 b5 9. Nd5 Be7 10. Bxf6 Bxf6 11. c3 Bg5 12. Nc2 Ne7 13. Ncb4 0-0 14. a4 bxa4 15. Rxa4 a5 16. Nxe7+ Qxe7 17. Nd5 Qb7 18. b4 axb4 19. Rxb4 Qa7 20. Bc4 Be6 21. 0-0 Qc5 22. Qb3 Ra5 23. Rd1 Kh8 24. h3 f5 25. Nb6 Bc8 26. Rd5 Ra1+ 27. Bf1 Qc7 28. Rc4 Qb8 29. Qb4 Ba6 0-1

[Event "CZE-chT2C 1718"]
[Site "Czech Republic"]
[Date "2017.12.03"]
[Round "4.8"]
[White "Brom, Jiri"]
[Black "Bukacek, Lubomir"]
[Result "0-1"]
[WhiteElo "2041"]
[BlackElo "2087"]
[PlyCount "34"]
[EventDate "2017.10.15"]
[EventType "team-tourn"]
[EventRounds "11"]
[EventCountry "CZE"]
[SourceTitle "EXT 2022"]
[Source "ChessBase"]
[SourceDate "2021.10.06"]
[SourceVersion "1"]
[SourceVersionDate "2021.10.06"]
[SourceQuality "1"]
[WhiteTeam "Tabor"]
[BlackTeam "Jihlava Gambit"]
[WhiteTeamCountry "CZE"]
[BlackTeamCountry "CZE"]

1. e4 d5 2. exd5 Qxd5 3. Nc3 Qd6 4. d4 Nf6 5. Nf3 a6 6. Bd3 Nc6 7. Ne4 Nxe4 8. Bxe4 Bg4 9. Be3 e5 10. Bxc6+ Qxc6 11. Nxe5 Qxg2 12. Qxg4 Qxh1+ 13. Ke2 Qd5 14. c4 Qe6 15. Qe4 Bd6 16. Qxb7 0-0 17. Qc6 Rfe8 0-1

[Event "CZE-chT2C 1718"]
[Site "Czech Republic"]
[Date "2017.10.15"]
[Round "1.8"]
[White "Stolba, Milos"]
[Black "Brom, Jiri"]
[Result "1-0"]
[WhiteElo "2058"]
[BlackElo "2041"]
[PlyCount "99"]
[EventDate "2017.10.15"]
[EventType "team-tourn"]
[EventRounds "11"]
[EventCountry "CZE"]
[SourceTitle "EXT 2022"]
[Source "ChessBase"]
[SourceDate "2021.10.06"]
[SourceVersion "1"]
[SourceVersionDate "2021.10.06"]
[SourceQuality "1"]
[WhiteTeam "Kutna Hora"]
[BlackTeam "Tabor"]
[WhiteTeamCountry "CZE"]
[BlackTeamCountry "CZE"]

1. d4 d5 2. c4 dxc4 3. Nc3 e5 4. d5 c6 5. e4 b5 6. dxc6 Qxd1+ 7. Kxd1 Nxc6 8. Nxb5 Bg4+ 9. f3 0-0-0+ 10. Bd2 Be6 11. Rc1 Bb4 12. Nc3 Nge7 13. Ke1 Kb7 14. Nb1 Rxd2 15. Nxd2 Rd8 16. Rd1 Nd4 17. a3 Ba5 18. Bxc4 Bxd2+ 19. Rxd2 Bxc4 20. Nh3 Rc8 21. Kf2 Bb3 22. f4 f6 23. fxe5 fxe5 24. Ng5 Rf8+ 25. Kg3 h6 26. Nf3 Ndc6 27. Rc1 Rf6 28. Rd7+ Kb6 29. h3 Be6 30. Nxe5 Nxe5 31. Rxe7 Rg6+ 32. Kh2 Nc6 33. Re8 Bd7 34. Rg8 Be6 35. Rf8 Rg5 36. Re8 Re5 37. Re1 Kc5 38. Rc1+ Kd6 39. Re1 Kd7 40. Rh8 Ke7 41. Rc1 Bd7 42. Rf1 Nd8 43. Rg8 Ne6 44. Ra8 a5 45. Ra7 a4 46. Rd1 Nc5 47. Ra5 Bc6 48. Rc1 Kd6 49. Ra7 Bb7 50. Rxc5 1-0

[Event "Tabor op"]
[Site "Tabor"]
[Date "2008.07.29"]
[Round "4"]
[White "Brom, Jiri"]
[Black "Novak, Michal"]
[Result "0-1"]
[WhiteElo "2091"]
[BlackElo "2249"]
[PlyCount "54"]
[EventDate "2008.07.26"]
[EventType "swiss"]
[EventRounds "9"]
[EventCountry "CZE"]
[SourceTitle "CBM 125 Extra"]
[Source "ChessBase"]
[SourceDate "2008.09.01"]
[SourceVersion "1"]
[SourceVersionDate "2008.09.01"]
[SourceQuality "1"]

1. e4 c5 2. Nf3 d6 3. d4 cxd4 4. Nxd4 Nf6 5. Nc3 a6 6. Bg5 e6 7. f4 Be7 8. Qf3 Qc7 9. 0-0-0 Nbd7 10. g4 b5 11. Bxf6 Nxf6 12. g5 Nd7 13. f5 Nc5 14. f6 gxf6 15. gxf6 Bf8 16. Rg1 Bd7 17. Rg7 b4 18. Nd5 exd5 19. exd5 0-0-0 20. Rxf7 Bh6+ 21. Kb1 Rdf8 22. Rxf8+ Rxf8 23. Ne6 Nxe6 24. Bxa6+ Kb8 25. dxe6 Bxe6 26. Rxd6 Bc4 27. Rc6 Re8 0-1

[Event "Klatovy op-A"]
[Site "Klatovy"]
[Date "2007.07.07"]
[Round "8"]
[White "Brom, Jiri"]
[Black "Krejci, Jan1111"]
[Result "0-1"]
[WhiteElo "2118"]
[BlackElo "2193"]
[PlyCount "46"]
[EventDate "2007.06.30"]
[EventType "swiss"]
[EventRounds "9"]
[EventCountry "CZE"]
[SourceTitle "CBM 119 Extra"]
[Source "ChessBase"]
[SourceDate "2007.09.04"]
[SourceVersion "1"]
[SourceVersionDate "2007.09.04"]
[SourceQuality "1"]

1. e4 e5 2. Nf3 Nc6 3. Bb5 a6 4. Ba4 Nf6 5. d4 exd4 6. 0-0 Be7 7. e5 Ne4 8. Nxd4 0-0 9. Nf5 d5 10. Bxc6 bxc6 11. Nxe7+ Qxe7 12. Re1 Bf5 13. f3 Nc5 14. b3 Ne6 15. Ba3 c5 16. Qxd5 Rfd8 17. Qc4 Rd4 18. Qe2 Rad8 19. Bc1 R4d5 20. Na3 Nd4 21. Qf2 Rxe5 22. Bf4 Re2 23. Rxe2 Nxe2+ 0-1

[Event "CZE-chT2a 0405"]
[Site "Czech Republic"]
[Date "2005.03.06"]
[Round "9.5"]
[White "Brom, Jiri"]
[Black "Gdovin, Jan"]
[Result "0-1"]
[WhiteElo "2154"]
[BlackElo "2195"]
[PlyCount "70"]
[EventDate "2004.10.17"]
[EventType "team"]
[EventRounds "11"]
[EventCountry "CZE"]
[SourceTitle "EXT 2007"]
[Source "ChessBase"]
[SourceDate "2006.11.23"]
[SourceVersion "1"]
[SourceVersionDate "2006.11.23"]
[SourceQuality "1"]
[WhiteTeam "Tabor"]
[BlackTeam "Pisek"]
[WhiteTeamCountry "CZE"]
[BlackTeamCountry "CZE"]

1. e4 e6 2. d4 d5 3. Nd2 Nf6 4. e5 Nfd7 5. Bd3 c5 6. c3 Nc6 7. Ne2 cxd4 8. cxd4 f6 9. exf6 Qxf6 10. Nf3 h6 11. 0-0 Bd6 12. Be3 0-0 13. Bb5 Ne7 14. Qd2 a6 15. Bd3 e5 16. dxe5 Nxe5 17. Nxe5 Qxe5 18. g3 Bh3 19. Rfe1 Qf6 20. Nf4 Bxf4 21. Bxf4 Nc6 22. Bf1 Bxf1 23. Qxd5+ Kh8 24. Re6 Rfd8 25. Rxf6 Rxd5 26. Rxc6 bxc6 27. Kxf1 Rad8 28. Ke2 Rc5 29. Kf3 Rc2 30. Rb1 Kg8 31. h4 Rd5 32. Be3 Rb5 33. Bd4 Rd5 34. Ke4 Rd7 35. f4 Rc4 0-1

[Event "Plzen op-A 9th"]
[Site "Plzen"]
[Date "2003.08.24"]
[Round "9"]
[White "Snajdr, Jiri"]
[Black "Brom, Jiri"]
[Result "1-0"]
[WhiteElo "2063"]
[BlackElo "2179"]
[PlyCount "87"]
[EventDate "2003.08.16"]
[EventType "swiss"]
[EventRounds "9"]
[EventCountry "CZE"]
[SourceTitle "CBM 095 Extra"]
[Source "ChessBase"]
[SourceDate "2003.09.04"]
[SourceVersion "1"]
[SourceVersionDate "2003.09.04"]
[SourceQuality "1"]

1. d4 Nf6 2. c4 c5 3. Nf3 g6 4. Nc3 cxd4 5. Nxd4 Bg7 6. e4 d6 7. Be2 0-0 8. 0-0 Nc6 9. Be3 Bd7 10. Nb3 b6 11. Rc1 Rc8 12. f3 Ne8 13. Qd2 f5 14. Bh6 Ne5 15. Bxg7 Kxg7 16. exf5 Bxf5 17. Nd5 Kg8 18. Nd4 Bd7 19. f4 Nc6 20. Nf3 e6 21. Nc3 Qf6 22. g3 Qf5 23. Qe3 Qc5 24. Qxc5 bxc5 25. Rcd1 Nd8 26. Ng5 h6 27. Nge4 Nf7 28. Bg4 a6 29. Rfe1 Rc6 30. Na4 Bc8 31. Rd2 e5 32. Bxc8 Rxc8 33. Nb6 Rc7 34. Nd5 Rb7 35. Re3 Kg7 36. Ra3 Ra7 37. Rb3 exf4 38. gxf4 Nd8 39. Rb6 Nb7 40. b3 Rf7 41. Rc6 Ra8 42. Rg2 Nd8 43. Rb6 Ne6 44. Nxd6 1-0

[Event "CZE-chT2J 0203"]
[Site "Czech Republic"]
[Date "2002.??.??"]
[Round "3"]
[White "Brom, Jiri"]
[Black "Krejcik, Jiri"]
[Result "1/2-1/2"]
[WhiteElo "2201"]
[BlackElo "2092"]
[PlyCount "36"]
[EventDate "2002.10.??"]
[EventType "team"]
[EventRounds "11"]
[EventCountry "CZE"]
[SourceTitle "EXT 2007"]
[Source "ChessBase"]
[SourceDate "2006.11.23"]
[SourceVersion "1"]
[SourceVersionDate "2006.11.23"]
[SourceQuality "1"]

1. e4 e5 2. Nf3 Nc6 3. Bb5 a6 4. Ba4 f5 5. Bxc6 dxc6 6. 0-0 Nf6 7. Nxe5 fxe4 8. d4 Bd6 9. Nc3 0-0 10. Qe2 c5 11. Nxe4 Nxe4 12. Qxe4 Qe7 13. c3 cxd4 14. cxd4 c5 15. Re1 cxd4 16. Bg5 Qxe5 17. Qxe5 Bxe5 18. Rxe5 Bf5 1/2-1/2